00650nam a2200181 a 450000100100000000500170001000800410002702000180006804000250008608200150011110000320012624500250015826000450018330000370022850000730026595201130033899900170045100004591020201002052522.0150527s2010 dr ac 000 0 spa d a9789945873917 aDO-SdBNPbspacBNPHU axxxxbxxxx1 aLlano, Kilia,d1972-97398110aLuli /cKilia Llano. aSanto Domingo :bTando Editorial,c2010. a[28] p. :bil., retrs. ;c19 cm. aIncluye datos biográficos de la autora en la solapa de la cubierta 0010718PDaPDbPDcCTd2015-05-27iLF1l0oxxxx xxxxp45910-10r2020-06-25w2020-06-25yLFPDZNo se presta c45399d45399